000 00449nab a2200145Ia 4500
003 ES-SlBCS
005 20210601142441.0
008 140529s1993 xxu||||| |||| 00| 0 spa d
041 _aspa
100 1 _aGreene, Warner C.
_9270685
245 0 0 _aSida y sistema inmunitario
_c Warner C. Greene
650 0 4 _aMedicina
_914377
773 0 _tInvestigacion y Ciencia (Traducción de: Scientific American)
_gnº. 206, 1993, págs. 58
_wRev1650
942 _cAR
999 _c677076
_d677076